000 00858nam a2200229 a 4500
001 BRCA_1336
005 20190320203359.0
008 850903s1984----mx-a---###---f000-1#spa-#
020 _a9681617568 (General)
040 _aDLC
_cDLC
_dDLC
050 4 _aPQ7297
_b.S25 1984
100 1 _aSalado Álvarez, Victoriano
_d1867-1931
_94372
245 1 0 _aEpisodios nacionales mexicanos
_cVictoriano Salado Álvarez.
260 _aMéxico
_bInstituto Nacional de Bellas Artes
_c1984
300 _a7 v.
_bil.
_c22 cm.
440 0 _aSección de obras de historia
_94373
500 _aFacsimil de: México; J. Ballesía, 1902-1903
505 0 _aContenido: v.1-3. De Santa Anna a la Reforma. -- v.4-7. La Intervención y el Imperio.
651 4 _aMéxico
_xHistoria
_y1821-1861
_9618
651 4 _aMéxico
_xHistoria
_yIntervención europea, 1861-1867
_9758
942 _2lcc
_cB
999 _c1199
_d1199